Blood money (Record no. 10920)
[ view plain ]
| 000 -LEADER | |
|---|---|
| fixed length control field | 00388 a2200157 4500 |
| 020 ## - INTERNATIONAL STANDARD BOOK NUMBER | |
| International Standard Book Number | 9780857384911 |
| 040 ## - CATALOGING SOURCE | |
| Original cataloging agency | DLC |
| 082 ## - DEWEY DECIMAL CLASSIFICATION NUMBER | |
| Classification number | 813.54 |
| 100 ## - MAIN ENTRY--PERSONAL NAME | |
| Personal name | Ignatius, David |
| 245 ## - TITLE STATEMENT | |
| Title | Blood money |
| Statement of responsibility, etc. | David Ignatius |
| 260 ## - PUBLICATION, DISTRIBUTION, ETC. | |
| Place of publication, distribution, etc. | London |
| Name of publisher, distributor, etc. | Quercus |
| Date of publication, distribution, etc. | 2011 |
| 300 ## - PHYSICAL DESCRIPTION | |
| Extent | 498 p. |
| 650 ## - SUBJECT ADDED ENTRY--TOPICAL TERM | |
| Topical term or geographic name entry element | Central Intelligence Agency--Retribution |
| 700 ## - ADDED ENTRY--PERSONAL NAME | |
| Personal name | David Ignatius |
| 942 ## - ADDED ENTRY ELEMENTS (KOHA) | |
| Koha item type | Book |
| Call number prefix | 813.54 LGN |
| Source of classification or shelving scheme | |
| Withdrawn status | Lost status | Damaged status | Not for loan | Collection code | Permanent Location | Current Location | Shelving location | Date acquired | Source of acquisition | Cost, normal purchase price | Total Checkouts | Total Renewals | Full call number | Barcode | Date last seen | Date last checked out | Price effective from | Koha item type | Checked out |
|---|---|---|---|---|---|---|---|---|---|---|---|---|---|---|---|---|---|---|---|
| Central Library (CL) | Central Library (CL) | General Stacks | 12/31/2014 | Saeed Book Bank | 1165.50 | 10 | 6 | 813.54 IGN | SEECS013247 | 03/31/2022 | 02/15/2022 | 12/29/2014 | Book | ||||||
| Central Library (CL) | Central Library (CL) | General Stacks | 12/31/2014 | Saeed Book Bank | 1165.50 | 12 | 3 | 813.54 IGN | SEECS013246 | 05/22/2022 | 05/22/2022 | 12/29/2014 | Book | 06/21/2022 | |||||
| Central Library (CL) | Central Library (CL) | General Stacks | 12/31/2014 | Saeed Book Bank | 1165.50 | 4 | 5 | 813.54 IGN | SEECS013245 | 01/05/2025 | 06/23/2023 | 12/29/2014 | Book |
